000 00313nam a22001217a 4500
008 230629b xxu||||| |||| 00| 0 eng d
020 _a085340674X
082 _a338.88
_bTHO 1979
245 _aThe Multi-National Companies
260 _aEngland
_bWayland Publishers Limited
_c1979
300 _a95p
942 _2ddc
_cBK
999 _c2978
_d2978